| 000 | 00412nam a2200169Ia 4500 | ||
|---|---|---|---|
| 999 |
_c67372 _d67372 |
||
| 003 | 0100 | ||
| 005 | 20170718124654.0 | ||
| 008 | 130303s9999 xx 000 0 und d | ||
| 040 | _cARRUPELIB | ||
| 050 | _aB802.I87 2001 | ||
| 100 |
_aIsrael, Jonathan Irvine _95956 |
||
| 245 | _aRadical enlightenment | ||
| 260 |
_bOxford University Press _aLondon _c2001 |
||
| 942 |
_2lcc _cMONOGRAPH |
||